पंजाब केसरी:लाला लाजपत राय (Record no. 387)
[ view plain ]
| 000 -LEADER | |
|---|---|
| fixed length control field | 01147 a2200217 4500 |
| 008 - FIXED-LENGTH DATA ELEMENTS--GENERAL INFORMATION | |
| fixed length control field | 090327t xxu||||| |||| 00| 0 hin d |
| 010 ## - LCCN (DPL NO) | |
| LC control number | HIN-78684 |
| 020 ## - INTERNATIONAL STANDARD BOOK NUMBER | |
| International Standard Book Number | 817043453x |
| Terms of availability | 150.00 |
| 035 ## - SYSTEM CONTROL NUMBER | |
| System control number | HN-51130 |
| 037 ## - SOURCE OF ACQUISITION | |
| Source of stock number/acquisition | D.B.Act / pub |
| 082 ## - DEWEY DECIMAL CLASSIFICATION NUMBER | |
| Classification number | 921 |
| 100 ## - MAIN ENTRY--PERSONAL NAME | |
| Personal name | चौहान, लाल बहादुर सिंह |
| 245 ## - TITLE STATEMENT | |
| Title | पंजाब केसरी:लाला लाजपत राय |
| Statement of responsibility, etc | लालबहादुर सिंह चौहान |
| 246 ## - VARYING FORM OF TITLE | |
| Title proper/short title | Punjab Kesri Lala Lajpat Rai |
| Remainder of title | Bahadur Singh Chauhan |
| 260 ## - PUBLICATION, DISTRIBUTION, ETC. (IMPRINT) | |
| Place of publication, distribution, etc | दिल्ली |
| Name of publisher, distributor, etc | आत्माराम एण्ड संस |
| Date of publication, distribution, etc | 2006 |
| 270 ## - ADDRESS | |
| Address | 1376,कश्मीरी गेट |
| City | दिल्ली |
| Postal code | 110006 |
| Telephone number | 011-23946466 |
| 300 ## - PHYSICAL DESCRIPTION | |
| Extent | 127पृ |
| Dimensions | 22सेमी (सजिल्द) |
| 942 ## - ADDED ENTRY ELEMENTS (KOHA) | |
| Institution code [OBSOLETE] | dpl |
| Item type | Hindi Books |
| Source of classification or shelving scheme | Dewey Decimal Classification |
| Classification part | 921 |
| Call number suffix | लाजप |
| Withdrawn status | Lost status | Source of classification or shelving scheme | Damaged status | Not for loan | Home library | Current library | Date acquired | Total Checkouts | Full call number | Barcode | Date last seen | Cost, replacement price | Koha item type | Collection code | Source of acquisition | Cost, normal purchase price | Copy number |
|---|---|---|---|---|---|---|---|---|---|---|---|---|---|---|---|---|---|
| Dewey Decimal Classification | Andrews Gunj | D.B.Act.Division | 921 लाजप | HN-51130 | 15/09/2008 | 30.00 | Hindi Books | ||||||||||
| Dewey Decimal Classification | Vinoba Puri | Vinoba Puri | 27/03/2009 | 921 लाजप | B-326499 | 27/03/2009 | 150.00 | Hindi Books | Non-fiction | DBAD / PUB | 150.00 | 1 |
